000 00833nam a2200205 a 4500
003 0
005 20250502110611.0
008 021118s19uu xx 00 eng d
050 _aPGS PN 4129.15
_b.V434 2002
100 _aVelasquez, Nathalia F.
245 _aPerceptions of grade school students of Southville International School on their assigned hallmarks /
_cNathalia F. Velasquez.
260 _aLas PiƱas City, Philippines :
_bSouthville International School and Colleges,
_c2002.
300 _a32 pages :
_billustrations ;
_c28 cm.
504 _aIncludes bibliographic references.
650 _aRecitations (Education)
_vElementary students.
650 _aPoetry
_vStudy and teaching (Elementary).
650 _aMemorization
_vCase studies.
650 _aLearning strategies
_vElementary education.
942 _2lcc
_cPASS
999 _c96665
_d96665